000 00656 a2200181 4500
003 Nust
005 20170207153519.0
040 _cNust
082 _a005.1
100 _aAshraf, Javed (MSCS-14)
245 _aUrdu command words recognition using Roman Urdu phonemes
_cJaved Ashraf
260 _bMCS,NUST
_c2010
_aRawalpindi
300 _axi, 77 ,p.;
505 _aIntroduction (page-1) Fundamentals of speech recognition (page-11) The sphinx-4 speech recognition system (page-33) Design and implementation of the ASR system (page-50) Conclusion and future work (page-67)
538 _aAlmirah No 69 Shelf No 4
650 _aPG Thesis
651 _aMSCS-14
942 _cTHS
999 _c187616
_d187616